Pevné disky od A do Z /

Gespeichert in:
Bibliographische Detailangaben
1. Verfasser: Minasi, Mark (Verfasst von)
Format: Buch
Sprache:Tschechisch
Veröffentlicht: Praha : Grada, 1992
Ausgabe:1.vyd.
Schlagworte:
Tags: Tag hinzufügen
Keine Tags, Fügen Sie das erste Tag hinzu!

MARC

LEADER 00000nam a22000003a 4500
001 stu4872
005 20200824150141.1
008 931119s1992----cs------------------cze-d
020 |a 80-85623-35-8 
040 |a STU  |b slo 
041 0 |a cze 
044 |a cs 
080 |a 681.326 
080 |a 681.327.2 
100 1 |a Minasi, Mark  |4 aut 
245 1 |a Pevné disky od A do Z /  |c [aut.] Minasi,Mark 
250 |a 1.vyd. 
260 |a Praha :  |b Grada,  |c 1992 
300 |a 471 s 
650 7 |a počítače  |2 stusub 
650 7 |a počítačové vírusy  |2 stusub 
650 7 |a operačné systémy  |2 stusub 
650 7 |a MS DOS  |2 stusub 
650 7 |a OS/2  |2 stusub 
996 |b 284IK06573  |c I*2HS4892  |l II680  |s A  |a 24  |w stu4872_0001 
996 |b 284IK06574  |c I*2HS4968  |l II680  |s A  |a 24  |w stu4872_0002 
996 |b E80374  |c E*80374  |l EE11  |s P  |a 0  |w stu4872_0003